Population of the SAARC countries : (Record no. 65039)
[ view plain ]
| 000 -LEADER | |
|---|---|
| fixed length control field | 00648nam a22001697a 4500 |
| 005 - DATE AND TIME OF LATEST TRANSACTION | |
| control field | 2012041600180.0 |
| 020 ## - INTERNATIONAL STANDARD BOOK NUMBER | |
| International Standard Book Number | 812072562X |
| Terms of availability | 300.00 |
| 035 ## - SYSTEM CONTROL NUMBER | |
| System control number | B-83901 |
| 037 ## - SOURCE OF ACQUISITION | |
| Stock number | DPL |
| Source of stock number/acquisition | ENG |
| 245 ## - TITLE STATEMENT | |
| Title | Population of the SAARC countries : |
| Remainder of title | Bio-cultural perspectives / |
| Statement of responsibility, etc | edited by Jayanta Sarkar and G.C. Ghosh |
| 260 ## - PUBLICATION, DISTRIBUTION, ETC. (IMPRINT) | |
| Place of publication, distribution, etc | New Delhi |
| Name of publisher, distributor, etc | Sterling Publishers Pvt. Ltd |
| Date of publication, distribution, etc | 2003 |
| 300 ## - PHYSICAL DESCRIPTION | |
| Extent | vii, 160p. |
| Dimensions | 20 cms. |
| 700 ## - ADDED ENTRY--PERSONAL NAME | |
| Personal name | Sarkar, Jayanta |
| 9 (RLIN) | 45149 |
| 700 ## - ADDED ENTRY--PERSONAL NAME | |
| Personal name | Ghosh, G.C. |
| 9 (RLIN) | 45150 |
| 942 ## - ADDED ENTRY ELEMENTS (KOHA) | |
| Source of classification or shelving scheme | Dewey Decimal Classification |
| Item type | English Books |
| Classification part | 304.6 |
| Call number suffix | POP |
| Withdrawn status | Lost status | Not for loan | Collection code | Home library | Current library | Date acquired | Cost, normal purchase price | Full call number | Barcode | Cost, replacement price | Koha item type |
|---|---|---|---|---|---|---|---|---|---|---|---|
| Non-fiction | Sarojini Nagar | Sarojini Nagar | 16/04/2012 | 300.00 | 304.6 POP | B-83901 | 300.00 | English Books |
